Debt (Record no. 8764)

000 -LEADER
fixed length control field 00392pab a2200157 454500
008 - FIXED-LENGTH DATA ELEMENTS--GENERAL INFORMATION
fixed length control field 180718b1983 xxu||||| |||| 00| 0 eng d
100 ## - MAIN ENTRY--PERSONAL NAME
Personal name Bogdanowicz - Bindert, Christi
245 ## - TITLE STATEMENT
Title Debt
Remainder of title Beyond the quick fix
260 ## - PUBLICATION, DISTRIBUTION, ETC.
Date of publication, distribution, etc. 1983
300 ## - PHYSICAL DESCRIPTION
Extent 828-38
362 ## - DATES OF PUBLICATION AND/OR SEQUENTIAL DESIGNATION
Dates of publication and/or sequential designation Oct.
650 ## - SUBJECT ADDED ENTRY--TOPICAL TERM
Topical term or geographic name entry element Foreign Credit - Underdeveloped Areas
700 ## - ADDED ENTRY--PERSONAL NAME
Personal name ne
773 ## - HOST ITEM ENTRY
Main entry heading Third World Quarterly
909 ## -
-- 8764
Holdings
Withdrawn status Lost status Damaged status Not for loan Permanent Location Current Location Date acquired Serial Enumeration / chronology Barcode Date last seen Price effective from Koha item type
        Indian Institute of Public Administration Indian Institute of Public Administration 2018-07-19 Volume no: 5, Issue no: 4 AR8778 2018-07-19 2018-07-19 Articles

Powered by Koha